Українська ділова і фахова мова: практичний посібник на щодень (Запис № 342607)

МАРК-запис
000 -Лідер
fixed length control field 00770nam a22002537a 4500
003 - Ідентифікатор контрольного номера
control field UA-OsUOA
001 - Контрольний номер
control field 56520
007 - Фіксоване поле фізичного опису
fixed length control field ta
008 - Елементи даних фіксованої довжини – загальна інформація
fixed length control field 20081103b un ||||| |||| 00| 0 ukr d
090 ## - Локальний шифр розміщення
Класифікаційний індекс УДК 821.161.2'271
Авторський знак (НП) Г49
040 ## - Джерело каталогізації
Агенція оригінальної каталогізації UA-OsUOA
Мова каталогізації ukr
Агенція, яка здійснювала перезапис UA-OsUOA
Агенція, яка здійснювала модифікацію UA-OsUOA
041 ## - Код мови
Код мови тексту/ звукової доріжки чи окремого заголовка (П) ukr
080 ## - Індекс Універсальної десяткової класифікації
Індекс Універсальної десяткової класифікації (УДК) (НП) 821.161.2'271
100 ## - Основне введення – ім’я особи
Ім’я особи (НП) Гінзбург М. Д.
245 ## - Відомості про назву
Назва (НП) Українська ділова і фахова мова: практичний посібник на щодень
260 ## - Публікація, розповсюдження і т.п. (Вихідні дані)
Місце публікації, розповсюдження і т.п. (П) К.
Ім’я/ наймення видавництва, розповсюджувача і т.п. (П) ІНКОС
Дата публікації, розповсюдження і т.п. (П) 2007
300 ## - Фізичний опис
Обсяг 672 с.
650 #7 - Додаткове предметне введення – тематичний термін
Тематичний термін чи географічна назва, як елемент введення (НП) 82 Література. Літературознавство
Джерело заголовка чи терміна UDC
700 ## - Додаткове введення – ім'я особи
Ім’я особи (НП) Требульова . І. О.
700 ## - Додаткове введення – ім'я особи
Ім’я особи (НП) Левіна С. Д.
942 ## - Додаткові елементи входу (Коха)
Тип елемента Koha Книги
955 ## - Код типу видання за змістом
Код типу видання за змістом (НП) Навчальні видання
Фонди
Стан вилучень Стан втрат Джерело класифікації або схеми стелажів Стан уражень Не для кредиту Постійне місце розташування Поточне розміщення Дата придбання Джерело придбання Вартість, звичайна ціна покупки Інвентарний номер Усього замовленно Повний номер виклику Штрих-код Дата останнього перегляду Ціна ефективна від Тип елемента Koha
    Universal Decimal Classification     АБ - Абонемент НБ АБ - Абонемент НБ 07/11/2008 148/2008 57.60 116770   821.161.2'271 Г49 116770 14/01/2022 03/11/2008 Книги
    Universal Decimal Classification     АБ - Абонемент НБ АБ - Абонемент НБ 07/11/2008 148/2008 57.60 116771   821.161.2'271 Г49 116771 14/01/2022 03/11/2008 Книги
    Universal Decimal Classification     АБ - Абонемент НБ АБ - Абонемент НБ 07/11/2008 148/2008 57.60 116772   821.161.2'271 Г49 116772 14/01/2022 03/11/2008 Книги
    Universal Decimal Classification     АБ - Абонемент НБ АБ - Абонемент НБ 07/11/2008 148/2008 57.60 116773   821.161.2'271 Г49 116773 14/01/2022 03/11/2008 Книги
    Universal Decimal Classification     АБ - Абонемент НБ АБ - Абонемент НБ 07/11/2008 148/2008 57.60 116774   821.161.2'271 Г49 116774 14/01/2022 03/11/2008 Книги
    Universal Decimal Classification     ЧЗ - Читальна зала ЧЗ - Читальна зала 03/11/2008 145/2008 74.90 116656   821.161.2'271 Г49 116656 07/02/2022 03/11/2008 Книги
    Universal Decimal Classification     ЧЗ - Читальна зала ЧЗ - Читальна зала 03/11/2008 145/2008 74.90 116657   821.161.2'271 Г49 116657 07/02/2022 03/11/2008 Книги
    Universal Decimal Classification     ЧЗ - Читальна зала ЧЗ - Читальна зала 03/11/2008 145/2008 74.90 116658   821.161.2'271 Г49 116658 07/02/2022 03/11/2008 Книги
    Universal Decimal Classification     ЧЗ - Читальна зала ЧЗ - Читальна зала 03/11/2008 145/2008 74.90 116659   821.161.2'271 Г49 116659 07/02/2022 03/11/2008 Книги
    Universal Decimal Classification     ЧЗ - Читальна зала ЧЗ - Читальна зала 03/11/2008 145/2008 74.90 116660   821.161.2'271 Г49 116660 07/02/2022 03/11/2008 Книги